Länder, die mit B beginnen - Statistiken

Allgemein
  • Dieses Quiz wurde 60 mal gespielt
  • Das Durchschnittsergebnis liegt bei 14 aus 17
Antwortstatistiken
Land % Korrekt
Belgien
94%
Bahamas
92%
Bahrain
84%
Benin
84%
Bolivien
84%
Bulgarien
84%
Belarus
82%
Bhutan
82%
Brasilien
82%
Burundi
80%
Bangladesch
78%
Belize
78%
Botswana
78%
Barbados
76%
Bosnien und Herzegowina
72%
Brunei
70%
Burkina Faso
68%
Keine übereinstimmenden Quizze gefunden
Verteilung der Resultate
Anzahl Personen mit jedem Resultat
Perzentil nach korrekt beantworteten Fragen
Ihre Resultats-Entwicklung
Sie haben dieses Quiz noch nicht gespielt